| 000 | 00507cam a2200217ua 4500 | ||
|---|---|---|---|
| 020 | _c35.00 | ||
| 041 |
_aeng _h |
||
| 082 |
_a541.394 _bGUR/CH |
||
| 100 | _aGurdeep , Raj . | ||
| 245 |
_aChemical kinetics / _cGurdeep Raj. _hTextual Documents |
||
| 250 |
_a5 / _b`. |
||
| 260 |
_aMeerut : _bGoel Publishing House , _c1992. |
||
| 300 | _a328 ; . | ||
| 365 | _a35.00 | ||
| 500 | _a*CSS | ||
| 504 | _a | ||
| 942 | _cBK | ||
| 999 |
_c7604 _d7604 |
||